01550cam a2200253 a 450000100100000000500170001000800410002704000250006808200190009310000530011224500920016526000210025730000280027849000920030650000420039850504590044060000670089965000340096670000380100083000980103891000150113695201300115199900150128100000108320200929145456.0730509s1963 xx a 001 0 spa  aDO-SdBNPbspacBNPHU a922.972bB982e1 aBustamante, Carlos María de,d1774-1848.9370110aTres estudios sobre don José María Morelos y Pavon /cCarlos María de Bustamante. aMéxico,c1963. a125 p. :bil. ;c23 cm.1 aBiblioteca Nacional de México. Instituto Bibliográfico Mexicano. Publicaciones ;v9 aIncluye notas al pie de las páginas0 aNota preliminar, por M. Alcala.- El Lic. don Carlos María de Bustamente y don José María Morelos y Pavon, por A. Martínez Báez.-Reseña bibliográfica, por J.I. Mantecon (p. 31-32) - Elogio histórico del general don José María Morelos y Pavon.- El Centzontli, num. 1: Análisis de los cargos hechos por la Inquisición de México al señor general D. José María Morelos.- Historia militar del general don José María Morelos.14aMORELOS, JOSÉ MARÍA,d1765-1815gSACERDOTEzMÉXICO93702 4aIndependenciazMéxico937031 aMartínez Báez, Antonio.93704 0aBiblioteca Nacional de México. Instituto Bibliográfico Mexicano. Publicaciones ;v993705 aEn proceso 001052758DSaBNPHUbBNPHUcHDd2009-07-27iLF1l0o922.972 B982ep1083-10r2020-06-25w2020-06-25yLF1ZPréstamo interno c1044d1044